|
|
|
|
| LEADER |
00670nab a2200193 i 4500 |
| 001 |
acta12081 |
| 005 |
20250904092301.0 |
| 008 |
161015s1940 hu o 000 hun d |
| 040 |
|
|
|a SZTE Egyetemi Kiadványok Repozitórium
|b hun
|
| 041 |
|
|
|a hun
|
| 100 |
1 |
|
|a Visy József
|
| 245 |
1 |
2 |
|a A mai Németország humánum-szemlélete
|h [elektronikus dokumentum] /
|c Visy József
|
| 260 |
|
|
|c 1940
|
| 300 |
|
|
|a 1-14
|
| 490 |
0 |
|
|a Szellem és élet
|v 4 No. 1
|
| 650 |
|
4 |
|a Bölcsészettudományok
|
| 650 |
|
4 |
|a Filozófia, etika és vallástudományok
|
| 695 |
|
|
|a Filozófia - Németország
|
| 856 |
4 |
0 |
|u http://acta.bibl.u-szeged.hu/12081/1/szellem_1940_001_001-014.pdf
|z Dokumentum-elérés
|